La administración pública frente a la ley inconstitucional e inconvencional : (Registro nro. 6126)
[ vista simple ]
| 000 -LEADER | |
|---|---|
| fixed length control field | 01072nabaa22002177a 4500 |
| 003 - CONTROL NUMBER IDENTIFIER | |
| control field | OSt |
| 005 - DATE AND TIME OF LATEST TRANSACTION | |
| control field | 20260122215154.0 |
| 008 - FIXED-LENGTH DATA ELEMENTS--GENERAL INFORMATION | |
| fixed length control field | 190701b xxu||||| |||| 00| 0 spa d |
| 040 ## - CATALOGING SOURCE | |
| Transcribing agency | PJ |
| 100 ## - MAIN ENTRY--PERSONAL NAME | |
| 9 (RLIN) | 6883 |
| Personal name | Monti, Laura |
| 245 13 - TITLE STATEMENT | |
| Title | La administración pública frente a la ley inconstitucional e inconvencional : |
| Remainder of title | reflexiones e interrogantes / |
| Statement of responsibility, etc | Laura Monti. |
| 300 ## - PHYSICAL DESCRIPTION | |
| Extent | p. 13-19 |
| 505 ## - FORMATTED CONTENTS NOTE | |
| Formatted contents note | Sumario: I. Introducción.— II. ¿Qué matices o novedades se han planteado, en las últimas dos décadas aproximadamente, sobre estos conceptos?— III. ¿Cuáles son las posturas que existen sobre el tema?—IV. Conclusiones y dudas. |
| 505 ## - FORMATTED CONTENTS NOTE | |
| Title | ¿Te interesa el texto completo? Comunicate al correo: koha@justierradelfuego.gov.ar |
| 650 #0 - SUBJECT ADDED ENTRY--TOPICAL TERM | |
| 9 (RLIN) | 211 |
| Topical term or geographic name as entry element | DERECHO ADMINISTRATIVO |
| 650 #0 - SUBJECT ADDED ENTRY--TOPICAL TERM | |
| 9 (RLIN) | 877 |
| Topical term or geographic name as entry element | ADMINISTRACION PUBLICA |
| 650 #0 - SUBJECT ADDED ENTRY--TOPICAL TERM | |
| 9 (RLIN) | 6132 |
| Topical term or geographic name as entry element | CONTROL DE CONVENCIONALIDAD |
| 650 #0 - SUBJECT ADDED ENTRY--TOPICAL TERM | |
| 9 (RLIN) | 755 |
| Topical term or geographic name as entry element | CONTROL DE CONSTITUCIONALIDAD |
| 773 0# - HOST ITEM ENTRY | |
| Host Biblionumber | 2842 |
| Host Itemnumber | 3251 |
| Place, publisher, and date of publication | Buenos Aires : AbeledoPerrot, 2012- |
| Other item identifier | DA121 |
| Title | Derecho administrativo. Nº 148 julio/agosto 2023 |
| International Standard Book Number | 18510590 |
| 942 ## - ADDED ENTRY ELEMENTS (KOHA) | |
| Source of classification or shelving scheme | |
| Koha item type | Analítica Artículo de Revista |
No hay ítems disponibles.
